000 00660cam a22002411 4500
001 sa 66004400
003 DLC
005 20260227112242.0
008 890526s1965 ii a 000 0 beno
010 _asa 66004400
035 _a(OCoLC)19770270
040 _aDLC
_cWaU
_dDLC
043 _aa-ii---
050 0 0 _aNA6007.B3
_bB3
100 1 _aBandyopādhyāẏa, Amiẏakumāra.
245 1 0 _aBān̐kuṛāra mandira.
260 _c[1965]
300 _a16, 205 p.
_billus.
_c22 cm.
500 _aIn Bengali.
500 _aMap on lining paper.
650 0 _aTemples
_zIndia
_zBānkurā (District).
650 0 _aArchitecture
_zIndia
_zBānkurā (District).
999 _c69384
_d69384